Elements of Hebrew. (Registro nro. 36658)

Detalles MARC
000 -LEADER
campo de control de longitud fija 02413cam a22003494i 4500
003 - IDENTIFICADOR DE NÚMERO DE CONTROL
campo de control PE-LiUPU
005 - FECHA Y HORA DE LA ÚLTIMA TRANSACCIÓN
campo de control 20250731175630.0
008 - DATOS DE LONGITUD FIJA--INFORMACIÓN GENERAL
campo de control de longitud fija 150623s r 000 0 d
035 ## - NÚMERO DE CONTROL DEL SISTEMA
Número de control de sistema (Sirsi) a29313
040 ## - FUENTE DE CATALOGACIÓN
Centro catalogador/agencia de origen PE-LiUPU
Lengua de catalogación spa
Centro/agencia transcriptor PE-LiUPU
Normas de descripción rda
082 04 - NÚMERO DE LA CLASIFICACIÓN DECIMAL DEWEY
Número de clasificación 492
Cutter H22
Número de edición 21
100 1# - ENTRADA PRINCIPAL--NOMBRE DE PERSONA
Nombre de persona Harper's, William R.,
Término indicativo de función/relación autor.
245 10 - MENCIÓN DEL TÍTULO
Título Elements of Hebrew.
264 #1 - PRODUCCIÓN, PUBLICACIÓN, DISTRIBUCIÓN, FABRICACIÓN Y COPYRIGHT
Producción, publicación, distribución, fabricación y copyright New York :
Nombre del de productor, editor, distribuidor, fabricante Charles Scribers Sons,
Fecha de producción, publicación, distribución, fabricación o copyright 1921.
300 ## - DESCRIPCIÓN FÍSICA
Extensión 210 páginas ;
Dimensiones 23 cm.
336 ## - TIPO DE CONTENIDO
Término de tipo de contenido text
Fuente rdacontent
337 ## - TIPO DE MEDIO
Nombre/término del tipo de medio unmediated
Fuente rdamedia
338 ## - TIPO DE SOPORTE
Nombre/término del tipo de soporte volume
Fuente rdacarrier
505 0# - NOTA DE CONTENIDO CON FORMATO
Nota de contenido con formato the letters. - Remarks on the pronunciation of letters. - Remarks on the forms of letters. - Vowels. -The Vowel-Sings. - The Vowel letters. - The classificaction of the . - Vowel-Sounds. - The names of the vowels. - Other Points. - the accents. - The place of the accents. - Shifting of the tone. - The table of accents. - Syllables. - Kinds of Syllables. - Syllabification. - Quality of the Vowel in Syllables. - Euphonu of vowels. - Short vowels. - Naturally long vowels. - Tables of vowel-Changes. - Euphonu of consonants. - Assimilation.- Rejection. - Inseparable particles. - The article. - The Inseparable prepositions. - Pronouns. - The personal Pronoun. - The verb. - Roods. - Classes of verbs. -The tri-literal verb. - The strong verb. - The kal perfect. - The laryngeal. - the weak verb. - Bi-Literal verbs. - Classes of Bi-Literal verbs. - Nouns. - the inflection of nouns. - Nouns with one, originally short, formative vowel. - Nouns with Two, originally short, formative vowel. - Nouns with one short and one long formative vowel. - Nouns formed by prefyxing. - Nouns formed by means of affixes. - Separate particles. - Adverbs. - Propositions. - Conjunctions. -Interjections. -Paradigms. - the personal pronound and pronominal suffixes. -The strong verb. -Strong verb.
526 ## - NOTA DE INFORMACIÓN SOBRE EL PROGRAMA DE ESTUDIO
Nombre del programa Comunicación Y Periodismo
526 ## - NOTA DE INFORMACIÓN SOBRE EL PROGRAMA DE ESTUDIO
Nombre del programa Educación, Especialidad Inglés Y Español (A Distancia)
526 ## - NOTA DE INFORMACIÓN SOBRE EL PROGRAMA DE ESTUDIO
Nombre del programa Educación, Especialidad Inglés Y Español
526 ## - NOTA DE INFORMACIÓN SOBRE EL PROGRAMA DE ESTUDIO
Nombre del programa Teología
526 ## - NOTA DE INFORMACIÓN SOBRE EL PROGRAMA DE ESTUDIO
Nombre del programa Educación secundaria, especialidad lingüística e inglés
526 ## - NOTA DE INFORMACIÓN SOBRE EL PROGRAMA DE ESTUDIO
Nombre del programa Ciencias de la comunicación
596 ## -
-- 1
700 1# - ENTRADA AGREGADA--NOMBRE PERSONAL
Nombre de persona Smith, Powis.
942 ## - ELEMENTOS DE ENTRADA SECUNDARIOS (KOHA)
Fuente del sistema de clasificación o colocación Clasificación Decimal Dewey
Tipo de ítem Koha
949 ## - PROCESAMIENTO DE INFORMACIÓN LOCAL (OCLC)
a 492 H22
w DEWEY
c 1
i 31148
l CCODEBUL1
m BUL
p 00.00
r 0
s Y
t BOOK
u 2015-06-24
x BIBLIOTECA
z UNKNOWN
0 COMPRA
o .STAFF. Colección General
999 ## - NÚMEROS DE CONTROL DE SISTEMA (KOHA)
-- DEWEY
-- 31148
-- 2021-11-12
-- 5
-- CCODEBUL1
-- BUL
-- 0
-- Y
-- BOOK
-- 2015-6-24
-- TEOLOGIA
-- UNKNOWN
-- COMPRA
-- .STAFF. Colección General
980 ## - EQUIVALENCIA O REFERENCIA-CRUZADA-MENCIÓN DE SERIE--NOMBRE DE PERSONA/TÍTULO [LOCAL, CANADÁ]
ID del último usuario que modificó el registro 1
Nombre del último usuario que modificó el registro ALBERTO SANCHEZ Responsable de Automatización
Existencias
Visto por última vez Número de inventario Total de préstamos Signatura topográfica completa Código de barras Copia número Fecha de reemplazo Facultad Tipo de ítem Koha Nota pública Estado de pérdida Fuente del sistema de clasificación o colocación Restricciones de uso No para préstamo Colección Programa académico Biblioteca de origen Biblioteca actual Ubicación en estantería Fecha de adquisición Fuente de adquisición
2025-12-02 6   492 H22 31148 e1 2015-06-24 FACIHED Libros físicos inventario-2023-12-13 No Perdido Clasificación Decimal Dewey No restringido Disponible para préstamos Colección General Educación secundaria, especialidad lingüística e inglés Biblioteca CRAI UPeU Lima Biblioteca CRAI UPeU Lima Sala principal 2015-06-24 COMPRA